Logo BPK

Biblioteka

Politechniki Koszalińskiej

Fizika aerodispersnych sistem / (Rekord nr 14368)

Szczegóły MARC
000 -ETYKIETA REKORDU
podpole kontrolne o stałej długości 00443nam a2200169 i 4500
001 - NUMER KONTROLNY REKORDU
pole kontrolne bg
040 ## - ŹRÓDŁO KATALOGOWANIA
Instytucja, która utworzyła rekord BPK
041 ## - KOD JĘZYKA
Kod języka tekstu pol
080 ## - UNIWERSALNA KLASYFIKACJA DZIESIĘTNA - UKD
UKD 551.576
008 - POLE O STAŁEJ DŁUGOŚCI - DANE KONTROLNE
podpole kontrolne o stałej długości s pl f |000 0 pol
245 #0 - TYTUŁ/ODPOWIEDZIALNOŚĆ
Tytuł Fizika aerodispersnych sistem /
Pozostałe elementy strefy tytułu i oznaczenia odpowiedzialności Pod red. Ju. S. Sedunova [i in.].
260 ## - STREFA ADRESU WYDAWNICZEGO
Miejsce wydania Moskwa :
Nazwa wydawcy/dystrybutora Gidrometeoizdat,
Data publikacji, dystrybucji/powstania dokumentu 1972.
300 ## - STREFA OPISU FIZYCZNEGO
Objętość s. 135 :
Inne cechy fizyczne ilustr.
500 ## - UWAGI OGÓLNE
Tekst uwagi Trudy. Vyp. 30.
700 1# - HASŁO DODATKOWE - NAZWA OSOBOWA
Nazwa osobowa SEDUNOV, Ju. S.
Określenie związku między hasłem a opisywanym materiałem Red.
856 ## - LOKALIZACJA I DOSTĘP DO ELEKTRONICZNYCH DOKUMENTÓW ZDALNYCH
Link (URL) http://koha.tu.koszalin.pl/cgi-bin/koha/opac-detail.pl?biblionumber=14368
Tekst linku Katalog online BPK
942 ## - DODATKOWE ELEMENTY (KOHA)
Typ dokumentu Książka
Egzemplarze
Wycofany Status egzemplarza Uszkodzony Dostępność Lokalizacja stała Lokalizacja bieżąca Miejsce przechowywania Sygnatura Kod kreskowy Typ dokumentu
      Dostępny Biblioteka Politechniki Koszalińskiej Biblioteka Politechniki Koszalińskiej Wypożyczalnia BG 13801 01749212 Książka
© 2023 Biblioteka Politechniki Koszalińskiej :: KOHA